| 000 | 00464nam a22001577a 4500 | ||
|---|---|---|---|
| 005 | 20171121113542.0 | ||
| 008 | 171121b xxu||||| |||| 00| 0 eng d | ||
| 020 | _a9789751623928 | ||
| 040 | _cPK-LaUMT | ||
| 082 |
_aTRC 956.1024 _bATA-N |
||
| 100 | _aAtaturk, Mustafa Kamal | ||
| 245 |
_aNutuk 1919-1927 = 1919-1927 نطق / _cMustafa Kamal Ataturk = مصطفی کمال اتاترک |
||
| 260 |
_aAnkara: _bBalagat, _c2011 |
||
| 300 | _a576 p. | ||
| 942 | _cTRC | ||
| 999 |
_c100158 _d100158 |
||